000 00527nam a2200181Ia 4500
005 20250508160223.0
008 008 250505s9999 xx 000 0 eng d
037 _aTextual
040 _aFEDL
_beng
_cFEDL
041 _aeng
_2eng
084 _aF, CAR
_qFEDL
100 _aCarlson Dale Bick Ed.
_962089
245 0 _aBrainstormers: Humorous tales of ingenious American boys
260 _aNew York, USA
_bDoubleday and Company
_c1966
300 _axiv,248p.
942 _cTEXL
_hF, CAR
999 _c1362770
_d1362770